| 000 -LEADER |
| fixed length control field |
01324nam a22002537a 4500 |
| 005 - DATE AND TIME OF LATEST TRANSACTION |
| control field |
20231229162933.0 |
| 008 - FIXED-LENGTH DATA ELEMENTS--GENERAL INFORMATION |
| fixed length control field |
231229s1962 ru ||||| |||| 00| 0 rus d |
| 041 ## - LANGUAGE CODE |
| Language code of text/sound track or separate title |
rus |
| 080 ## - UNIVERSAL DECIMAL CLASSIFICATION NUMBER |
| Universal Decimal Classification number |
94(38)(075.8) И-90 |
| 245 ## - TITLE STATEMENT |
| Title |
История древней Греции / |
| Statement of responsibility, etc. |
.В., Блаватский В.Д., Бокщанин А.Г., КазамановаЛ.Н., Ковалев С.И., КолобоваК.М., Ленцман Я.А., Пикус Н.Н., О. И. Савостьянова. |
| 264 ## - PRODUCTION, PUBLICATION, DISTRIBUTION, MANUFACTURE, AND COPYRIGHT NOTICE |
| Place of production, publication, distribution, manufacture |
Москва : |
| Name of producer, publisher, distributor, manufacturer |
Высшая школа, |
| Date of production, publication, distribution, manufacture, or copyright notice |
1962. |
| 300 ## - PHYSICAL DESCRIPTION |
| Extent |
500 с.: |
| Other physical details |
ил.; |
| Dimensions |
22 см. |
| 653 ## - INDEX TERM--UNCONTROLLED |
| keyword |
ძველი საბერძნეთის ისტორია |
| 700 ## - ADDED ENTRY--PERSONAL NAME |
| Personal name |
Блаватская, Т.В. |
| Relator term |
ავტორი |
| 9 (RLIN) |
20498 |
| 700 ## - ADDED ENTRY--PERSONAL NAME |
| Personal name |
Блаватский, В.Д. |
| Relator term |
ავტორი |
| 9 (RLIN) |
20141 |
| 700 ## - ADDED ENTRY--PERSONAL NAME |
| Personal name |
Бокщанин А.Г. |
| Relator term |
ავტორი |
| 9 (RLIN) |
20940 |
| 700 ## - ADDED ENTRY--PERSONAL NAME |
| Personal name |
Казаманова, Л.Н., |
| Relator term |
ავტორი |
| 9 (RLIN) |
20941 |
| 700 ## - ADDED ENTRY--PERSONAL NAME |
| Personal name |
Ковалев, С.И. |
| Relator term |
ავტორი |
| 9 (RLIN) |
15393 |
| 700 ## - ADDED ENTRY--PERSONAL NAME |
| Personal name |
Колобова, К.М. |
| Relator term |
ავტორი |
| 9 (RLIN) |
20942 |
| 700 ## - ADDED ENTRY--PERSONAL NAME |
| Personal name |
Ленцман, Я.А. |
| Relator term |
ავტორი |
| 9 (RLIN) |
20943 |
| 700 ## - ADDED ENTRY--PERSONAL NAME |
| Personal name |
Пикус, Н.Н., |
| Relator term |
ავტორი |
| 9 (RLIN) |
20944 |
| 700 ## - ADDED ENTRY--PERSONAL NAME |
| Personal name |
Савостьянова, О.И. |
| Relator term |
ავტორი |
| 9 (RLIN) |
20945 |
| 942 ## - ADDED ENTRY ELEMENTS (KOHA) |
| Source of classification or shelving scheme |
|
| Koha item type |
წიგნი |